书目信息 |
| 题名: |
创新型员工
|
|
| 作者: | 吴甘霖 著 | |
| 分册: | ||
| 出版信息: | 北京 机械工业出版社 2006.07 |
|
| 页数: | 158页 | |
| 开本: | 21cm | |
| 丛书名: | 甘霖智慧培训文库 | |
| 单 册: | ||
| 中图分类: | F272.92 | |
| 科图分类: | ||
| 主题词: | 企业管理--qi ye guan li--职工积极性--培训 | |
| 电子资源: | ||
| ISBN: | 7-111-19483-7 | |
| 000 | 01040nam 2200253 450 | |
| 001 | 012007714514 | |
| 005 | 20071010113447.73 | |
| 010 | @a7-111-19483-7@dCNY18.00 | |
| 100 | @a20070611d2006 km y0chiy0120 ea | |
| 101 | 0 | @achi |
| 102 | @aCN@b110000 | |
| 105 | @ay z 000yy | |
| 200 | 1 | @a创新型员工@Achuang xin xing yuan gong@e如何成为最能创造效益的一流员工@f吴甘霖著@Fwu gan lin zhu |
| 210 | @a北京@c机械工业出版社@d2006.07 | |
| 215 | @a158页@d21cm | |
| 225 | 2 | @a甘霖智慧培训文库@Agan lin zhi hui pei xun wen ku |
| 330 | @a本书对创新型员工进行了全面探究,通过对微软、海尔、海信、联想等著名企业中创新员工进行分析,从成为创新员工为何如此重要、创新型员工的六大素养、如何尽快成为一名创新型员工等三个方面进行了论述。 | |
| 410 | 0 | @12001 @a甘霖智慧培训文库 |
| 517 | 1 | @a如何成为最能创造效益的一流员工@Aru he cheng wei zui neng chuang zao xiao yi de yi liu yuan gong |
| 606 | 0 | @a企业管理@Aqi ye guan li@x职工积极性@x培训 |
| 690 | @aF272.92@v4 | |
| 701 | 0 | @a吴甘霖@Awu gan lin@4著 |
| 801 | 0 | @aCN@c20071010 |
| 905 | @dF272.92@eW783 | |
| 创新型员工:如何成为最能创造效益的一流员工/吴甘霖著.-北京:机械工业出版社,2006.07 |
| 158页;21cm.-(甘霖智慧培训文库) |
| ISBN 7-111-19483-7:CNY18.00 |
| 本书对创新型员工进行了全面探究,通过对微软、海尔、海信、联想等著名企业中创新员工进行分析,从成为创新员工为何如此重要、创新型员工的六大素养、如何尽快成为一名创新型员工等三个方面进行了论述。 |
| ● |
| 相关链接 |
|
|
|
正题名:创新型员工
索取号:F272.92/W783
 
预约/预借
| 序号 | 登录号 | 条形码 | 馆藏地/架位号 | 状态 | 备注 |
| 1 | 244046 | 202440466 | 社科库409/409社科库 90排4列3层/ [索取号:F272.92/W783] | 在馆 | |
| 2 | 244047 | 202440475 | 社科库409/409社科库 90排4列3层/ [索取号:F272.92/W783] | 在馆 | |
| 3 | 244048 | 202440484 | 社科库409/409社科库 90排4列3层/ [索取号:F272.92/W783] | 在馆 |